Maritime fraud and piracy / (Record no. 2994)

000 -LEADER
fixed length control field 01474cam a2200385Ii 4500
008 - FIXED-LENGTH DATA ELEMENTS--GENERAL INFORMATION
fixed length control field 180706s2010 enk ob 001 0 eng d
020 ## - INTERNATIONAL STANDARD BOOK NUMBER
International Standard Book Number 9780203714027
Qualifying information (e-book : PDF)
020 ## - INTERNATIONAL STANDARD BOOK NUMBER
International Standard Book Number 9781135116330
Qualifying information (e-book: ePub)
020 ## - INTERNATIONAL STANDARD BOOK NUMBER
International Standard Book Number 9781135116415
Qualifying information (e-book: Mobi)
020 ## - INTERNATIONAL STANDARD BOOK NUMBER
Qualifying information (hardback)
040 ## - CATALOGING SOURCE
Original cataloging agency IMU Kochi Library
Language of cataloging eng
041 0# - LANGUAGE CODE
Language code of text/sound track or separate title eng
082 04 - DEWEY DECIMAL CLASSIFICATION NUMBER
Classification number 345.0264
Item number T635
100 1# - MAIN ENTRY--PERSONAL NAME
Personal name Todd, Paul,
Dates associated with a name 1954-,
245 10 - TITLE STATEMENT
Title Maritime fraud and piracy /
250 ## - EDITION STATEMENT
Edition statement Second edition.
300 ## - PHYSICAL DESCRIPTION
Extent 1 online resource (xxxiv, 329 pages)
490 1# - SERIES STATEMENT
Series statement Maritime and transport law library
505 0# - FORMATTED CONTENTS NOTE
Formatted contents note 1. Piracy today -- 2. Introduction to maritime fraud : issues particular to maritime fraud -- 3. Maritime fraud and the sale contract -- 4. Maritime fraud and the banks -- 5. Maritime fraud and carriers -- 6. Maritime fraud and marine insurance -- 7. Maritime fraud and technology.
650 #0 - SUBJECT ADDED ENTRY--TOPICAL TERM
Topical term or geographic name as entry element Maritime terrorism.
650 #0 - SUBJECT ADDED ENTRY--TOPICAL TERM
Topical term or geographic name as entry element Piracy.
650 #0 - SUBJECT ADDED ENTRY--TOPICAL TERM
Topical term or geographic name as entry element Fraud.
650 #0 - SUBJECT ADDED ENTRY--TOPICAL TERM
Topical term or geographic name as entry element Hijacking of ships.
650 #0 - SUBJECT ADDED ENTRY--TOPICAL TERM
Topical term or geographic name as entry element Freight and freightage.
650 #0 - SUBJECT ADDED ENTRY--TOPICAL TERM
Topical term or geographic name as entry element Marine insurance
General subdivision Law and legislation.
650 #0 - SUBJECT ADDED ENTRY--TOPICAL TERM
Topical term or geographic name as entry element Contracts, Maritime.
830 #0 - SERIES ADDED ENTRY--UNIFORM TITLE
Uniform title Maritime and transport law library.
856 40 - ELECTRONIC LOCATION AND ACCESS
Uniform Resource Identifier <a href="https://www.taylorfrancis.com/books/9781135116255">https://www.taylorfrancis.com/books/9781135116255</a>
Public note Click here to view.
904 ## - LOCAL DATA ELEMENT D, LDD (RLIN)
CATALOGER Rudra Ranjan
905 ## - LOCAL DATA ELEMENT E, LDE (RLIN)
VERIFIER Rudra Ranjan
942 ## - ADDED ENTRY ELEMENTS (KOHA)
Item type E-Book
264 #1 -
-- London :
-- Lloyd's List,
-- 2010.

No items available.



Copyright © All Rights Reserved by Indian Maritime University, Kochi Campus.
For any Suggestions/Query Contact to library or Email: library.kochi@imu.ac.in Ph:(0484)-2989402
(Web OPAC Designed by Rudra Ranjan. Maintained by IMU Kochi Library)

Powered by Koha